[Event "BL2 Ost 1415 (Women)"]
[Site "Germany"]
[Date "2014.11.29"]
[Round "3.4"]
[White "Nobis, Anna"]
[Black "Schuster, Rebekka"]
[Result "1-0"]
[WhiteElo "1791"]
[BlackElo "1837"]
[PlyCount "61"]
[EventDate "2014.09.27"]
[EventType "team-tourn"]
[EventRounds "7"]
[EventCountry "GER"]
[SourceTitle "CBM 166 Extra"]
[Source "ChessBase"]
[SourceDate "2015.06.18"]
[SourceVersion "1"]
[SourceVersionDate "2015.06.18"]
[SourceQuality "1"]
[WhiteTeam "Niederwiesa (W)"]
[BlackTeam "Loeberitz (W)"]
[WhiteTeamCountry "GER"]
[BlackTeamCountry "GER"]

1. e4 e6 2. d4 d5 3. Nc3 Nf6 4. e5 Nfd7 5. f4 c5 6. Nf3 Nc6 7. Ne2 b5 8. Ng3 cxd4 9. Nxd4 Nxd4 10. Qxd4 Bc5 11. Qd3 a6 12. Be3 Qb6 13. Bxc5 Qxc5 14. Qd2 0-0 15. Bd3 f6 16. exf6 Nxf6 17. 0-0-0 a5 18. Rde1 b4 19. f5 exf5 20. Nxf5 Ra7 21. Qe3 Qc7 22. Rhf1 Ba6 23. Ne7+ Kh8 24. Nxd5 Qd7 25. Nxf6 gxf6 26. Bf5 Qc7 27. Rf3 Bc8 28. Bd3 a4 29. Qd4 b3 30. Rxf6 Kg8 31. Bc4+ 1-0